Oscar Best Pictures by Screenshot - Statistics

General Stats
  • This quiz has been taken 772 times
  • The average score is 15 of 20
Answer Stats
Picture Hint Answer % Correct
1994 Forrest Gump
99%
1997 Titanic
99%
1972 The Godfather
97%
2000 Gladiator
94%
2003 The Lord of the Rings: The Return of the King
94%
1982 Gandhi
84%
1965 The Sound of Music
84%
2022 Everything Everywhere All at Once
81%
2019 Parasite
81%
1976 Rocky
79%
1991 The Silence of the Lambs
77%
1993 Schindler's List
75%
1962 Lawrence of Arabia
68%
2007 No Country for Old Men
68%
1961 West Side Story
67%
2017 The Shape of Water
64%
1943 Casablanca
63%
1939 Gone with the Wind
58%
1959 Ben-Hur
56%
1998 Shakespeare in Love
52%
No matching quizzes found
Score Distribution
Percent of People with Each Score
Percentile by Number Answered
Your Score History
You have not taken this quiz